<?xml version="1.0" encoding="UTF-8"?>
<record
    xmlns:xsi="http://www.w3.org/2001/XMLSchema-instance"
    xsi:schemaLocation="http://www.loc.gov/MARC21/slim http://www.loc.gov/standards/marcxml/schema/MARC21slim.xsd"
    xmlns="http://www.loc.gov/MARC21/slim">

  <leader>01248nam a22001937a 4500</leader>
  <controlfield tag="005">20210414114132.0</controlfield>
  <controlfield tag="008">120829t        xxu||||| |||| 00| 0 eng d</controlfield>
  <datafield tag="020" ind1=" " ind2=" ">
    <subfield code="a">0131410989 9780131410985 0131911554 9780131911550</subfield>
  </datafield>
  <datafield tag="050" ind1=" " ind2=" ">
    <subfield code="a">TK5105.5.S725</subfield>
  </datafield>
  <datafield tag="100" ind1=" " ind2=" ">
    <subfield code="a">Stallings, William.</subfield>
  </datafield>
  <datafield tag="245" ind1=" " ind2=" ">
    <subfield code="a">Computer networking with internet protocols and technology. /</subfield>
    <subfield code="c">William Stallings</subfield>
  </datafield>
  <datafield tag="260" ind1=" " ind2=" ">
    <subfield code="a">Upper Saddle River, N.J. :  </subfield>
    <subfield code="b">Pearson/Prentice Hall,  </subfield>
    <subfield code="c">&#xA9;2004.</subfield>
  </datafield>
  <datafield tag="300" ind1=" " ind2=" ">
    <subfield code="a">xiv, 642 p. : </subfield>
    <subfield code="b">ill. ; </subfield>
    <subfield code="c">25 cm.</subfield>
  </datafield>
  <datafield tag="500" ind1=" " ind2=" ">
    <subfield code="a">Include index.</subfield>
  </datafield>
  <datafield tag="505" ind1=" " ind2=" ">
    <subfield code="a">Contents: Data networks and the internet -- Protocols and the TCP/IP protocol suite -- Traditional applications -- Modern applications -- Congestion and performance issues -- Transport protocols -- TCP traffic control -- Internet protocol --Integrated and differentiated services -- Protocols for QoS support -- Interior routing protocols -- Exterior routing protocols and multicast - Wide area networks -- Data link control - Local area networks -- Network security -- Network management -- Appendix A: RFCs cited in this book -- Appendix B: Projects for teaching computer networks -- Glossary.  </subfield>
  </datafield>
  <datafield tag="650" ind1=" " ind2=" ">
    <subfield code="a">Computer networks</subfield>
    <subfield code="x">Computer network protocols</subfield>
  </datafield>
  <datafield tag="650" ind1=" " ind2=" ">
    <subfield code="a">Internet</subfield>
  </datafield>
  <datafield tag="942" ind1=" " ind2=" ">
    <subfield code="2">lcc</subfield>
    <subfield code="c">BK</subfield>
  </datafield>
  <datafield tag="999" ind1=" " ind2=" ">
    <subfield code="c">2214</subfield>
    <subfield code="d">9714</subfield>
  </datafield>
  <datafield tag="952" ind1=" " ind2=" ">
    <subfield code="0">0</subfield>
    <subfield code="1">0</subfield>
    <subfield code="2">lcc</subfield>
    <subfield code="4">0</subfield>
    <subfield code="7">0</subfield>
    <subfield code="a">WIUC-1</subfield>
    <subfield code="b">WIUC-1</subfield>
    <subfield code="c">GEN</subfield>
    <subfield code="d">2012-08-29</subfield>
    <subfield code="l">0</subfield>
    <subfield code="o">TK5105.5.S725</subfield>
    <subfield code="p">5613/12</subfield>
    <subfield code="r">2012-08-29 00:00:00</subfield>
    <subfield code="t">1</subfield>
    <subfield code="w">2012-08-29</subfield>
    <subfield code="y">BK</subfield>
  </datafield>
</record>
